| 000 | 00545nam a22001937a 4500 | ||
|---|---|---|---|
| 003 | DO-SdBNP | ||
| 005 | 20211122092131.0 | ||
| 008 | 211122b2019 ||||| |||| 00| 0 spa d | ||
| 020 | _a9781950414000 | ||
| 040 |
_aDO-SdBNP _bspa _cBNPHU |
||
| 082 |
_axxx _bR696c |
||
| 100 | 1 |
_aRodríguez, José Julio _980695 |
|
| 245 | 1 | 0 |
_aLa caída / _cJosé Julio Rodríguez |
| 260 |
_aViejo San Juan, Puerto Rico : _bEdiciones Laberinto , _c2019 |
||
| 300 |
_a150 p. ; _c22 cm |
||
| 590 | _aInventariado, 2021, / DG | ||
| 910 | _aD/G | ||
| 942 |
_2ddc _cLBS1 |
||
| 999 |
_c51010 _d51010 |
||